000 01955cam a22004454i 4500
003 PE-LiUPU
005 20250731184108.0
008 150625s2000 mx a rb 000 0 spa d
020 _a9706860193
020 _a9789706860194
035 _a(Sirsi) i9789706860194
040 _aPE-LiUPU
_bspa
_cPE-LiUPU
_erda
049 _aPRUA
082 0 4 _a808.22
_bH54
_221
100 1 _aHilliard, Robert L.,
_eautor.
245 1 0 _aGuionismo para radio, televisión y nuevos medios /
_cRobert L. Hilliard.
264 1 _aMéxico, DF :
_bInternational Thomson Editores,
_c2000.
300 _a466 páginas :
_bilustraciones ;
_c25 centímetros
336 _atext
_2rdacontent
337 _aunmediated
_2rdamedia
338 _avolume
_2rdacarrier
500 _aGlosario (A-Z).
504 _aIncluye bibliografía.
505 0 _aLos medios de comunicación -- Elementos básicos para la producción -- Formato y estilo. Comerciales y anuncios -- Noticiarios y deportes -- Reportaje y documentales -- Programas de comentarios y de entrevistas -- Música, programas de variedad y de comedia -- Programas corporativos, educativos y para niños -- El drama -- Nuevos medios -- Oportunidades de trabajo.
526 _aP145
526 _aP127
526 _aP97
526 _aP14
526 _aP07
541 _g001-019821;
650 0 4 _aGuiones
_xRedacción.
650 0 4 _aLibretos para radio y televisión.
910 _bnm
_caj
_d20040222
910 _adbm
_bncf
_cncf
_d20190517
942 _2ddc
_cBOOK
949 _a808.22 H54
_wDEWEY
_c1
_i53689
_lCCODEBUL1
_mBUL
_r0
_sY
_tBOOK
_u2015-6-25
_xEDUCACION
_zUNKNOWN
_0COMPRA
_o.STAFF. Colección General
994 _aC0
_bPEPRU
596 _a1
999 _a808.22 H54
_wDEWEY
_c43819
_i53689
_d43819
_f2021-11-5
_g6
_lCCODEBUL1
_mBUL
_p30.00
_q1
_r0
_sY
_tBOOK
_u2015-6-25
_xBIBLIOTECA
_PP07
_0COMPRA
_o.STAFF. Colección General
980 _81
_gALBERTO SANCHEZ Responsable de Automatización